01380nam a2200253 a 4500008004100000020001800041050001600059100002400075245012700099260004400226300002900270650003200299650003400331650001800365700001700383700002900400700001900429700002000448995015500468995015500623995015500778995017600933999001701109201113s2012 ||||||||||||||||| || u a9780199135844 aQ 160.2 Bon aBrimicombe, Michael10aAQA GCSE science revision guidecBy Graham Bone; Michael Brimicombe; Simon Broadley; Philippa Gardom- Hulme; Mark Matthews aNew YorkbOxford University Pressc2012 a207 pages: illustrations aSCIENCE--STUDY AND TEACHING aSCIENCE--HANDBOOK,MANUALS,ETC 7aSCIENCE2fast aBone, Graham aGardom - Hulme, Philippa aMatthews, Mark aBroadley, Simon aMAIN LIBRARY OPEN ACCESSe750557FCBU-MAIN LIBRARY (Kitwe)I8.84jQ 160.2 BonM4UAVAILABLEWDec 10, 2020y750557ZMain Library Open Access Collection aMAIN LIBRARY OPEN ACCESSe750556FCBU-MAIN LIBRARY (Kitwe)I8.84jQ 160.2 BonM3UAVAILABLEWDec 10, 2020y750556ZMain Library Open Access Collection aMAIN LIBRARY OPEN ACCESSe750555FCBU-MAIN LIBRARY (Kitwe)I8.84jQ 160.2 BonM2UAVAILABLEWDec 10, 2020y750555ZMain Library Open Access Collection aMEDICAL LIBRARY OPEN ACCESSe905173FCBU-SCHOOL OF MEDICINE LIBRARY (Ndola)I40.78jQ 160.2 BonM1UAVAILABLEWNov 18, 2020y905173ZMedical Library Open Access Collection c84318d84318